2024 Supercars Championship Drivers - Statistics

General Stats
  • This quiz has been taken 35 times
  • The average score is 16 of 24
Answer Stats
Hint Answer % Correct
Red Bull Racing Will Brown
100%
Red Bull Racing Broc Feeney
93%
Tickford Racing (Monster) Cameron Waters
93%
Erebus Motorsport Brodie Kostecki
74%
Walkinshaw Andretti United Chaz Mostert
74%
Team 18 Mark Winterbottom
70%
Penrite Racing Matt Payne
70%
Team 18 David Reynolds
67%
Brad Jones Racing Macauley Jones
67%
Walkinshaw Andretti United Ryan Wood
67%
Dick Johnson Racing Will Davison
67%
Dick Johnson Racing Anton De Pasquale
63%
Brad Jones Racing Bryce Fullwood
63%
Blanchard Racing Team James Courtney
63%
Tickford Racing (Castrol) Tom Randle
63%
Brad Jones Racing Andre Heimgartner
59%
Matt Stone Racing Cameron Hill
56%
Erebus Motorsport Jack Le Brocq
56%
Premiair Racing James Golding
56%
Blanchard Racing Team Aaron Love
52%
Brad Jones Racing Jaxon Evans
52%
Matt Stone Racing Nick Percat
52%
Premiair Racing Tim Slade
52%
Penrite Racing Richie Stanaway
48%
No matching quizzes found
Score Distribution
Percent of People with Each Score
Percentile by Number Answered
Your Score History
You have not taken this quiz